<?xml version="1.0" encoding="UTF-8"?>
<marc:record xmlns:marc="http://www.loc.gov/MARC21/slim">
   <marc:leader>00000nam a2200000 a 4500</marc:leader>
   <marc:datafield ind1="1" ind2=" " tag="100">
      <marc:subfield code="a">Stuflesser, Martin</marc:subfield>
      <marc:subfield code="4">aut</marc:subfield>
      <marc:subfield code="e">Verfasser/-in</marc:subfield>
   </marc:datafield>
   <marc:datafield ind1=" " ind2=" " tag="653">
      <marc:subfield code="a">Chauvet</marc:subfield>
   </marc:datafield>
   <marc:datafield ind1=" " ind2=" " tag="653">
      <marc:subfield code="a">Louis-Marie</marc:subfield>
   </marc:datafield>
   <marc:datafield ind1=" " ind2=" " tag="653">
      <marc:subfield code="a">Sakramententheologie</marc:subfield>
   </marc:datafield>
   <marc:datafield ind1=" " ind2=" " tag="653">
      <marc:subfield code="a">Katholische Theologie</marc:subfield>
   </marc:datafield>
   <marc:datafield ind1=" " ind2=" " tag="653">
      <marc:subfield code="a">Softcover / Religion/Theologie/Christentum</marc:subfield>
   </marc:datafield>
   <marc:datafield ind1=" " ind2=" " tag="653">
      <marc:subfield code="a">Louis-Marie Chauvet</marc:subfield>
   </marc:datafield>
   <marc:datafield ind1=" " ind2=" " tag="653">
      <marc:subfield code="a">Sakrament</marc:subfield>
   </marc:datafield>
   <marc:datafield ind1=" " ind2=" " tag="653">
      <marc:subfield code="a">Liturgiewissenschaft</marc:subfield>
   </marc:datafield>
   <marc:datafield ind1=" " ind2=" " tag="653">
      <marc:subfield code="a">Konferenzschrift</marc:subfield>
   </marc:datafield>
   <marc:datafield ind1="0" ind2="0" tag="245">
      <marc:subfield code="a">Fundamentaltheologie des Sakramentalen</marc:subfield>
   </marc:datafield>
   <marc:datafield ind1="0" ind2="0" tag="245">
      <marc:subfield code="b">eine Auseinandersetzung mit Louis-Marie Chauvets "Symbol und Sakrament"</marc:subfield>
   </marc:datafield>
   <marc:datafield ind1="0" ind2="0" tag="245">
      <marc:subfield code="c">Martin Stuflesser (Hg.)</marc:subfield>
   </marc:datafield>
   <marc:datafield ind1=" " ind2="1" tag="264">
      <marc:subfield code="a">Regensburg</marc:subfield>
      <marc:subfield code="b">Verlag Fridrich Pustet</marc:subfield>
   </marc:datafield>
   <marc:datafield ind1="1" ind2=" " tag="490">
      <marc:subfield code="a">Theologie der Liturgie</marc:subfield>
      <marc:subfield code="v">Band 9</marc:subfield>
   </marc:datafield>
   <marc:datafield ind1="1" ind2=" " tag="520">
      <marc:subfield code="a">Angaben aus der Verlagsmeldung

Fundamentaltheologie des Sakramentalen : Eine Auseinandersetzung mit Louis-Marie Chauvets „Symbol und Sakrament“

Mit seinem Werk „Symbol und Sakrament“ hat Louis-Marie Chauvet den sakramententheologischen Diskurs neu inspiriert. Das sogenannte „postmetaphysische Zeitalter“ zwingt dazu, theologische Fragen zu den Sakramenten neu zu diskutieren, da die klassischen Denkformen in eine Plausibilitätskrise geraten sind. Chauvet sucht Auswege aus dieser Krise, indem er die Sakramententheologie mit zeitgenössischen philosophischen Geistesströmungen (Fundamentalontologie, analytische Sprachphilosophie, Phänomenologie, Strukturalismus, Dekonstruktivismus, Psychoanalyse usw.) in einen intensiven Dialog bringt.
In kritischer Auseinandersetzung mit den Impulsen Chauvets prüfen die Autorinnen und Autoren des vorliegenden Bandes aus philosophischer und theologischer Perspektive die Tragweite dieses Ansatzes und diskutieren seine Chancen und Grenzen.
</marc:subfield>
   </marc:datafield>
   <marc:datafield ind1=" " ind2=" " tag="020">
      <marc:subfield code="a">9783791727356</marc:subfield>
      <marc:subfield code="9">9783791727356</marc:subfield>
   </marc:datafield>
   <marc:datafield ind1=" " ind2=" " tag="020">
      <marc:subfield code="a">3791727354</marc:subfield>
      <marc:subfield code="9">3791727354</marc:subfield>
   </marc:datafield>
   <marc:datafield ind1=" " ind2=" " tag="041">
      <marc:subfield code="a">ger</marc:subfield>
   </marc:datafield>
   <marc:datafield ind1=" " ind2=" " tag="300">
      <marc:subfield code="a">220 Seiten</marc:subfield>
   </marc:datafield>
</marc:record>
